LIBRARY & INFORMATION CENTRE, KCAET, TAVANUR

ONLINE PUBLIC ACCESS CATALOGUE (OPAC)

Fundamentals of soil science (Record no. 15290)

MARC details
000 -LEADER
fixed length control field 00301nam a22001337a 4500
020 ## - INTERNATIONAL STANDARD BOOK NUMBER
ISBN 0-471-88352-2
082 ## - DEWEY DECIMAL CLASSIFICATION NUMBER
Classification number 631.4
Item number FOT/FO
100 ## - MAIN ENTRY--AUTHOR NAME
Personal name Foth, Henry D.
245 ## - TITLE STATEMENT
Title Fundamentals of soil science
250 ## - EDITION STATEMENT
Edition statement 7
260 ## - PUBLICATION, DISTRIBUTION, ETC. (IMPRINT)
Place of publication U.S.A
Name of publisher John wiley & sons
Year of publication 1984
300 ## - PHYSICAL DESCRIPTION
Number of Pages 435
942 ## - ADDED ENTRY ELEMENTS (KOHA)
Koha item type Books
Holdings
Withdrawn status Lost status Damaged status Home library Current library Date acquired Full call number Accession Number Koha item type
      KAUAET KAUAET 27/02/2018 631.4 FOT/FO 14648 Books
free website counter